书目信息 |
| 题名: |
一本书读懂销售心理学
|
|
| 作者: | 岚裳 编 | |
| 分册: | ||
| 出版信息: | 北京 中国华侨出版社 2017 |
|
| 页数: | 10,401页 | |
| 开本: | 25cm | |
| 丛书名: | ||
| 单 册: | ||
| 中图分类: | F713.55 | |
| 科图分类: | ||
| 主题词: | 销售--商业心理学--通俗读物 | |
| 电子资源: | ||
| ISBN: | 978-7-5113-6430-2 | |
| 000 | 00850nam0 2200241 450 | |
| 001 | 012001001413 | |
| 005 | 20140921103355.0 | |
| 010 | @a978-7-5113-6430-2@b精装@dCNY59.00 | |
| 100 | @a20171116d2017 em y0chiy50 ea | |
| 101 | 0 | @achi |
| 102 | @aCN@b110000 | |
| 105 | @ay z 000yy | |
| 106 | @ar | |
| 200 | 1 | @a一本书读懂销售心理学@9yi ben shu du dong xiao shou xin li xue@f岚裳编 |
| 210 | @a北京@c中国华侨出版社@d2017 | |
| 215 | @a10,401页@d25cm | |
| 300 | @a全民阅读提升版 | |
| 330 | @a本书从消费者的心理分析、如何抓住消费者的心理需求、销售中的心理策略、销售员的自我心理修炼等方面深入浅出地对销售心理学做了缜密的逻辑分析和介绍,并汇集了大量相关的销售实战案例。 | |
| 606 | 0 | @a销售@x商业心理学@j通俗读物 |
| 690 | @aF713.55@v5 | |
| 701 | 0 | @a岚裳@9lan chang@4编 |
| 801 | 0 | @aCN@b上海新华@c20180901 |
| 905 | @b1151857-61@dF713.55@e1038@f5 | |
| 一本书读懂销售心理学/岚裳编.-北京:中国华侨出版社,2017 |
| 10,401页;25cm |
| 全民阅读提升版 |
| ISBN 978-7-5113-6430-2(精装):CNY59.00 |
| 本书从消费者的心理分析、如何抓住消费者的心理需求、销售中的心理策略、销售员的自我心理修炼等方面深入浅出地对销售心理学做了缜密的逻辑分析和介绍,并汇集了大量相关的销售实战案例。 |
| ● |
| 相关链接 |
|
|
|
|
正题名:一本书读懂销售心理学
索取号:F713.55/1038
 
预约/预借
| 序号 | 登录号 | 条形码 | 馆藏地/架位号 | 状态 | 备注 |
| 1 | 1151857 | 211518570 | 第一样本阅览室/ [索取号:F713.55/1038] | 在馆 | |
| 2 | 1151858 | 211518589 | 第一借阅区/ [索取号:F713.55/1038] | 在馆 | |
| 3 | 1151859 | 211518598 | 第一借阅区/ [索取号:F713.55/1038] | 在馆 | |
| 4 | 1151860 | 211518605 | 密集书库-海洋学院/ [索取号:F713.55/1038] | 在馆 | |
| 5 | 1151861 | 211518614 | 第一借阅区/ [索取号:F713.55/1038] | 在馆 |